Datum a čas kvízu
30
Celkem bodů
Celkový počet nahraných bodů na tomto kvízu bez doplňovacích otázek.
7.
Pořadí na kvízu
Konečné umístění týmu na tomto kvízu.
Zaznamenané odpovědi
| # | Otázka | Odpověď | Body | Výsledky |
|---|---|---|---|---|
| 1. | Ministerstvo obrany minulý týd... | Leopard | 1 | |
| 2. | Společnost SpaceX provedla min... | C) banán | 1 | |
| 3. | 70letá herečka Pamela Hayden,... | Milhouse (Van Houten) | 1 | |
| 4. | Jedna evropská automobilka min... | Jaguar | 1 | |
| 5. | Ve španělské Malaze se konalo... | Itálie | 0 | |
| 6. | Začneme ve Sluneční soustavě.... | Uran | 1 | |
| 7. | Níže jsou tři měsíce Jupiteru... | D | 1 | |
| 8. | Třetí otázka se bude týkat sou... | Kasiopeja | 1 | |
| 9. | Nyní se podíváme na velmi vzdá... | Koňská hlava | 0 | |
| 10. | V poslední otázce se podíváme... | D) pulsar | 1 |